Kapitálová štruktúra podnikateľských subjektov a jej dynamické zmeny

Finančné rozhodovanie podnikov a teoretické východiská stanovenia optimálnej kapitálovej štruktúry podniku. Dôvody suboptimálnej kapitálovej štruktúry. Možnosti približovania sa k optimálnej štruktúre. Dynamický model kapitálovej štruktúry podniku. Ilustračný príklad.

Salvato in:
Dettagli Bibliografici
Autore principale: Mikócziová, Jana
Altri autori: Jančovičová, Kristína, 1979-
Natura: Capitolo di libro
Lingua:slovacco
Soggetti:
Tags: Aggiungi Tag
Nessun Tag, puoi essere il primo ad aggiungerne!!

MARC

LEADER 00000naa$a2200000$$$4500
001 0090369
005 20240502072017.5
041 0 |a slo 
044 |a SK 
245 1 0 |a Kapitálová štruktúra podnikateľských subjektov a jej dynamické zmeny  |c Jana Mikócziová, Kristína Jančovičová Bognárová 
520 |a Finančné rozhodovanie podnikov a teoretické východiská stanovenia optimálnej kapitálovej štruktúry podniku. Dôvody suboptimálnej kapitálovej štruktúry. Možnosti približovania sa k optimálnej štruktúre. Dynamický model kapitálovej štruktúry podniku. Ilustračný príklad. 
610 2 0 |a štruktúra kapitálová 
610 2 0 |a podnikanie 
610 2 0 |a podnik 
610 2 0 |a rozhodovanie finančné 
610 2 0 |a modely ekonomicko-matematické 
100 1 |a Mikócziová, Jana 
700 1 |a Jančovičová, Kristína, 1979-